عرض عادي عرض مارك
  • ابن حجر العسقلاني، أحمد بن علي بن محمد،

مدخل إسم شخص

عدد التسجيلات المستخدمة في: 1

001 - رقم الضبط

  • حقل الضبط: 104291

003 - معرف رقم الضبط

  • حقل الضبط: OSt

005 - تاريخ ووقت أخر عملية

  • حقل الضبط: 20220926164816.0

008 - عناصر بيانات ثابتة الطول

  • حقل تحكم ثابت الطول: 220926|| aca||aabn | a|a d

040 ## - مصدر الفهرسة

  • هيئة الفهرسة الأصلية: OSt
  • وكالة الكتابة: OSt

100 ## - مدخل -- أسم شخص

  • إسم شخص: ابن حجر العسقلاني، أحمد بن علي بن محمد،
  • تواريخ مرتبطة بالاسم: 773-852 هجري

670 ## - بيانات المصدر موجوده

  • الاستشهاد بالمصدر: Work cat.: (OSt)83178: ابن حجر العسقلاني، أحمد بن علي بن محمد، 773-852 هجري, زبدة تجريد الوافي بالوفيات /